ARRUPE JESUIT UNIVERSITY

CORONAVIRUS -STOP THE SPREAD - CLEAN,DISINFECT,COVER

Missionaries (Record no. 125311)

MARC details
000 -LEADER
fixed length control field 00460nam a22001577a 4500
008 - FIXED-LENGTH DATA ELEMENTS--GENERAL INFORMATION
fixed length control field 160921b xxu||||| |||| 00| 0 eng d
050 ## - LIBRARY OF CONGRESS CALL NUMBER
Classification number BV2061.P47 1990
100 ## - MAIN ENTRY--PERSONAL NAME
Personal name Pettifer, Julian
9 (RLIN) 26056
245 ## - TITLE STATEMENT
Title Missionaries
Statement of responsibility, etc / Julian Pettifer and Richard Bradley
260 ## - PUBLICATION, DISTRIBUTION, ETC. (IMPRINT)
Place of publication, distribution, etc London
Name of publisher, distributor, etc BBC Books
Date of publication, distribution, etc 1990
300 ## - PHYSICAL DESCRIPTION
Extent 272p.;
Dimensions 25cm.
650 ## - SUBJECT ADDED ENTRY--TOPICAL TERM
Topical term or geographic name as entry element Millions
9 (RLIN) 26057
650 ## - SUBJECT ADDED ENTRY--TOPICAL TERM
Topical term or geographic name as entry element Missionaries
9 (RLIN) 26058
700 ## - ADDED ENTRY--PERSONAL NAME
Personal name Bradley, Richard
9 (RLIN) 26108
942 ## - ADDED ENTRY ELEMENTS (KOHA)
Source of classification or shelving scheme Library of Congress Classification
Item type Monograph ( Printed materials)
Holdings
Withdrawn status Lost status Source of classification or shelving scheme Damaged status Not for loan Collection code Home library Current library Shelving location Date acquired Total Checkouts Full call number Barcode Date last seen Price effective from Koha item type
    Library of Congress Classification     Main Collection ARRUPE LIBRARY ARRUPE LIBRARY Main Collection 21/09/2016   BV2061.P47 1990 46500010712 24/01/2017 21/09/2016 Monograph ( Printed materials)

 

Arrupe Library. PO Box MP320 Mt Pleasant, Harare, Zimbabwe
263 242 745411|librarian@aju.ac.zw